00530nam a2200169 i 450000100060000000300090000600500170001500700030003200800410003510000330007624500860010926000590019530000340025465000280028870000230031685200210033984128ES-MaACL20250815111607.0t|041119s1931 sp ||||1| spa d1 aIzquierdo y Croselles, Juan.10aManual de guerra química / cpor Juan Izquierdo y Croselles y Agustín Ripoll. aMadrid : b[s.n.], c1931 (fMemorial de Artillería) aXI, 328 p. : bil. ; c24 cm. 7aGuerra química2embne1 aRipoll, Agustín. aES-MaACLjA-2924